The question of the Straits /

محفوظ في:

المؤلف الرئيسي: Graves, Philip P., 1876-1953 (مؤلف)

التنسيق: كتاب

اللغة: English

منشور في: London : E. Benn, ltd., [1931].

الموضوعات:

الوسوم: إضافة وسم

لا توجد وسوم, كن أول من يضع وسما على هذه التسجيلة!

رقم الطلب: D372 .G7 1931

LEADER 00625nam a2200217I 4500
001 6239
003 OSt
005 20251204072654.0
008 130303s1931 enkb 000 0 eng d
010 |a 31015607 
035 |a ocm01961843 
040 |c ARCE Library 
050 4 |a D372 .G7 1931 
100 1 |a Graves, Philip P.,   |q (Philip Perceval),   |d 1876-1953,   |e author 
245 1 4 |a The question of the Straits /   |c by P. P. Graves. 
264 1 |a London :  |b E. Benn, ltd.,   |c [1931]. 
300 |a x, 13-215, [1] pages :  |b folded maps ;  |c 23 cm. 
650 0 |a Straits question.  |9 2445 
901 |a reviewed 
942 |c BK  |2 lcc 
999 |c 4900  |d 4900